|
|
|
|
| LEADER |
01009nam a2200229 i 4500 |
| 003 |
GR-PaULI |
| 005 |
20210117211131.0 |
| 008 |
200724s1985 gr 00| f eng d |
| 952 |
|
|
|0 0
|1 0
|2 ddc
|4 0
|6 853_914000000000000_CAL
|7 0
|9 242631
|a LISP
|b LISP
|c BSC
|d 2020-08-18
|i 148822
|l 1
|o 853.914 CAL
|p 025000275336
|r 2024-09-16 09:36:38
|s 2024-07-29
|t 1
|v 2020.00
|w 2020-08-18
|y BK15
|
| 999 |
|
|
|c 146386
|d 146386
|
| 040 |
|
|
|a GR-PaULI
|b gre
|c GR-PaULI
|e AACR2
|
| 041 |
|
|
|a gre
|k ita
|
| 082 |
0 |
4 |
|2 23
|a 853.914
|
| 100 |
|
|
|9 37627
|a Calvino, Italo,
|d 1923-1985
|e συγγραφέας
|
| 245 |
1 |
0 |
|a Πάλομαρ /
|c Italo Calvino ; μετάφραση Ανταίος Χρυσοστομίδης.
|
| 260 |
|
|
|a Αθήνα :
|b Αστάρτη,
|c 1985.
|
| 300 |
|
|
|a 141 σ.;
|c 21 εκ.
|
| 500 |
|
|
|a Τίτλος πρωτοτύπου : Palomar.
|
| 700 |
1 |
|
|9 9411
|a Χρυσοστομίδης, Ανταίος,
|d 1952-2015
|e μεταφραστής.
|
| 765 |
0 |
8 |
|i Μετάφραση του:
|t Palomar.
|
| 942 |
|
|
|2 ddc
|c BK15
|
| 998 |
|
|
|c ΜΠΟΥΡΑΣ
|d 2020-08
|